00198nam a22000857a 4500040000700000082000800007100002000015245004900035260002800084 cHS a631 aDAVID M. SYLVIA aPrinciples and appications of soil micrology aNAbDAVID M. SYLVIAcNA